000 01214cam a2200205 4500
001 WB3833-22
008 020912n2002 000 0 eng u
035 _a(Sirsi) u119675
245 _aInterim waste acceptance criteria proposals
260 _c2002
490 _aRICS Minerals and Waste Management Faculty News
_v11 September 2002, (2)
520 _aThe Environment Agency has released draft proposals for waste acceptance procedures at landfill sites to be applied in the UK until European standard procedures are implemented on or after 16 July 2005. Guidance on national interim waste acceptance procedures is available at http://www.environment-agency.gov.uk/yourenv/consultations/343078/ and the consultation draft is available at http://www.environment-agency.gov.uk/commondata/105385/consultation1.pdf http://www.rics.org/ricscms/bin/show?class=News&template=/includes/shownews.html&id=3610&faculty=Minerals%20and%20Waste%20Management&faculty=All%20Faculties
590 _aWB
650 _aLANDFILL SITES
650 _aWASTE ACCEPTANCE PROCEDURES
650 _aLANDFILL DIRECTIVE
650 _aENVIRONMENT AGENCY
690 _aENVIRONMENTAL AND LAND CONSULTANCY-WASTE MANAGEMENT
942 _n0
999 _c71145
_d71145